Guess the Mystery Lana del Rey Song (2) - Statistics

General Stats
  • This quiz has been taken 56 times
  • The average score is 149 of 345
Answer Stats
Answer % Correct
i
98%
I
98%
the
93%
you
93%
You
93%
a
86%
me
84%
love
77%
to
75%
on
73%
On
73%
We
73%
we
73%
and
70%
And
70%
be
70%
in
70%
In
70%
your
66%
i'm
64%
my
64%
no
59%
it
57%
like
57%
wi-
57%
of
55%
don't
52%
for
52%
that
52%
if
50%
Not
48%
Baby
43%
baby
43%
just
43%
Just
43%
said
41%
never
39%
what
39%
had
36%
there
36%
could
34%
life
34%
with
34%
now
32%
Sean
32%
way
32%
all
30%
But
30%
why
30%
Why
30%
are
27%
day
27%
up
27%
you'd
27%
'Cause
25%
summer
25%
things
25%
wanted
25%
at
23%
came
23%
i'd
23%
our
23%
some
23%
wait
23%
would
23%
honey
20%
Honey
20%
middle
20%
oh
20%
same
20%
always
18%
keep
18%
meet
18%
pouring
18%
rain
18%
spot
18%
tomorrow
18%
Tomorrow
18%
bench
16%
city
16%
Hey
16%
"Isn't
16%
park
16%
song
16%
crazy?"
14%
dancer
14%
tiny
14%
waited
14%
long
11%
play
11%
radio
11%
wine
11%
adored
9%
doin?
9%
guess
9%
lot
9%
old
9%
singing
9%
stay
9%
Stay
9%
Those
9%
wish
9%
ask
7%
favorite
7%
house
7%
paradise
7%
swallow
7%
we'd
7%
Yoko
7%
Cancer
5%
felt
5%
home
5%
ignore
5%
Lay
5%
lay
5%
Lennon
5%
lights
5%
local
5%
Penny
5%
put
5%
side
5%
thinkin?
5%
thoughts
5%
Tropic
5%
waiting
5%
blinking
2%
country
2%
guitar
2%
jukebox
2%
lady
2%
movin
2%
played
2%
Roses
2%
Shaking
2%
barn
0%
everyday
0%
stayed
0%
sunday
0%
woah
0%
No matching quizzes found
Score Distribution
Percent of People with Each Score
Percentile by Number Answered
Your Score History
You have not taken this quiz